[Event "Rostock SSC op 18th"]
[Site "Rostock"]
[Date "2019.08.10"]
[Round "6"]
[White "Seichter, Andreas"]
[Black "Biele, Johanna"]
[Result "1-0"]
[WhiteElo "1697"]
[BlackElo "1414"]
[PlyCount "109"]
[EventDate "2019.08.07"]
[EventType "swiss"]
[EventRounds "7"]
[EventCountry "GER"]
[SourceTitle "EXT 2020"]
[Source "ChessBase"]
[SourceDate "2019.10.17"]
[SourceVersion "1"]
[SourceVersionDate "2019.10.17"]
[SourceQuality "1"]

1. e4 d5 2. exd5 Qxd5 3. Nc3 Qa5 4. d4 Nf6 5. Bd2 c6 6. Nge2 Bf5 7. Ne4 Qc7 8. N4g3 Bg6 9. Nf4 e6 10. Bc4 Be7 11. Bb3 Nbd7 12. h4 e5 13. dxe5 Qxe5+ 14. Be3 Ne4 15. Qd4 Nxg3 16. Qxe5 Nxe5 17. fxg3 Be4 18. 0-0 0-0-0 19. Bxa7 Bd6 20. Bb6 Rd7 21. Rae1 Bf5 22. Ne2 Be6 23. Bxe6 fxe6 24. Nd4 Nc4 25. Ba7 Bxg3 26. Rxe6 Bxh4 27. Nxc6 bxc6 28. Rxc6+ Rc7 29. Rxc7+ Kxc7 30. Rf4 Bf6 31. Rxc4+ Kd6 32. b3 Re8 33. Kf2 h5 34. Bd4 Be5 35. Bxe5+ Rxe5 36. a4 g5 37. b4 g4 38. Rc5 Re4 39. c3 h4 40. a5 Rf4+ 41. Ke3 h3 42. gxh3 Rf3+ 43. Ke2 Rxh3 44. Kf2 Rd3 45. a6 g3+ 46. Kg2 Rd2+ 47. Kxg3 Ra2 48. Ra5 Rxa5 49. bxa5 Kc7 50. Kf4 Kb8 51. Ke5 Ka7 52. Kd6 Kxa6 53. c4 Kxa5 54. c5 Ka6 55. Kd7 1-0

[Event "Rostock SSC op 18th"]
[Site "Rostock"]
[Date "2019.08.07"]
[Round "2"]
[White "Moritz, Egon"]
[Black "Biele, Johanna"]
[Result "1-0"]
[WhiteElo "1734"]
[BlackElo "1414"]
[PlyCount "105"]
[EventDate "2019.08.07"]
[EventType "swiss"]
[EventRounds "7"]
[EventCountry "GER"]
[SourceTitle "EXT 2020"]
[Source "ChessBase"]
[SourceDate "2019.10.17"]
[SourceVersion "1"]
[SourceVersionDate "2019.10.17"]
[SourceQuality "1"]

1. d4 Nf6 2. c4 e6 3. Nc3 Bb4 4. Bd2 c5 5. a3 cxd4 6. axb4 dxc3 7. Bxc3 0-0 8. Qc2 b6 9. e3 Bb7 10. Ne2 Ne4 11. f3 Nxc3 12. bxc3 Qh4+ 13. Ng3 d5 14. c5 bxc5 15. bxc5 Nd7 16. Ra4 Qh6 17. Qc1 Nxc5 18. Ra3 Rfc8 19. Be2 d4 20. c4 Rd8 21. Kf2 d3 22. Bd1 d2 23. Qb1 Ba6 24. Be2 Rab8 25. Qa2 e5 26. Rd1 Qe6 27. Rxd2 Rxd2 28. Qxd2 Bxc4 29. Bxc4 Qxc4 30. Rc3 Qb4 31. Ne2 f6 32. Qd5+ Kh8 33. Rxc5 Qh4+ 34. Kf1 Rb1+ 35. Rc1 Rxc1+ 36. Nxc1 h5 37. Qa8+ Kh7 38. Qe4+ Qxe4 39. fxe4 g5 40. Nd3 a5 41. Ke2 a4 42. Kd2 Kg6 43. Nc5 a3 44. Kc2 h4 45. Kb3 f5 46. Kxa3 g4 47. exf5+ Kxf5 48. Kb3 g3 49. h3 Kf6 50. Kc4 Kf5 51. Kd5 e4 52. Nxe4 Kg6 53. Ke6 1-0

[Event "Rostock SSC op 16th"]
[Site "Rostock"]
[Date "2017.07.28"]
[Round "5"]
[White "Biele, Johanna"]
[Black "Schmidt, Pauline"]
[Result "0-1"]
[WhiteElo "838"]
[BlackElo "1269"]
[PlyCount "74"]
[EventDate "2017.07.26"]
[EventType "swiss"]
[EventRounds "7"]
[EventCountry "GER"]
[SourceTitle "EXT 2018"]
[Source "ChessBase"]
[SourceDate "2017.10.13"]
[SourceVersion "1"]
[SourceVersionDate "2017.10.13"]
[SourceQuality "1"]

1. d4 Nf6 2. Bf4 g6 3. e3 Bg7 4. Bd3 d6 5. c3 0-0 6. h3 Nbd7 7. Nf3 Re8 8. Qc2 e5 9. Bg5 h6 10. Bxf6 Nxf6 11. e4 exd4 12. cxd4 Nxe4 13. Bxe4 d5 14. Nbd2 dxe4 15. Nxe4 Bf5 16. Nfd2 Bxe4 17. Nxe4 f5 18. 0-0 Rxe4 19. Qb3+ Kh7 20. Qxb7 Rxd4 21. Rac1 Rd7 22. b3 Qb8 23. Qc6 Re7 24. Rfd1 Qe8 25. Qf3 Rd8 26. Kh2 Rxd1 27. Qxd1 Be5+ 28. g3 f4 29. Qd3 fxg3+ 30. fxg3 Bd6 31. Rc2 Re3 32. Qf1 Rxg3 33. Rf2 Rc3+ 34. Kh1 Qe4+ 35. Rg2 Rxh3+ 36. Kg1 Bc5+ 37. Qf2 Qb1# 0-1